000 00386nam a2200145Ia 4500
005 20250729165752.0
008 250729s2015 xx 000 0 und d
041 _akan
082 _a930.25 KARS
100 _aKarnataka Government
_9232529
245 _aSamaja Vijnana _ 8th Std
260 _aBangalore
_bKarnataka Text Book Socity
_c2015
300 _a258p
650 _aHistory
_9232530
999 _c239828
_d239828